Im offenen Wagen ... durch soziale Welten ... die "Windsbräute" im Rücken

Saved in:
Bibliographic Details
Main Author: Pohlmann, Markus (Author)
Format: Chapter/Article
Language:German
Published: 2017
In: Globalisierung als Auto-Kapitalismus
Year: 2017, Pages: 13-21
Online Access: Get full text
Author Notes:Markus Pohlmann

MARC

LEADER 00000caa a22000002c 4500
001 1752772237
003 DE-627
005 20220819151003.0
007 tu
008 210330s2017 xx ||||| 00| ||ger c
035 |a (DE-627)1752772237 
035 |a (DE-599)KXP1752772237 
035 |a (OCoLC)1341401887 
040 |a DE-627  |b ger  |c DE-627  |e rda 
041 |a ger 
084 |a 14  |2 sdnb 
100 1 |a Pohlmann, Markus  |d 1961-  |e VerfasserIn  |0 (DE-588)131524623  |0 (DE-627)510499201  |0 (DE-576)298562820  |4 aut 
245 1 0 |a Im offenen Wagen ... durch soziale Welten ... die "Windsbräute" im Rücken  |c Markus Pohlmann 
264 1 |c 2017 
300 |a 9 
336 |a Text  |b txt  |2 rdacontent 
337 |a ohne Hilfsmittel zu benutzen  |b n  |2 rdamedia 
338 |a Band  |b nc  |2 rdacarrier 
773 0 8 |i Enthalten in  |t Globalisierung als Auto-Kapitalismus  |d Wiesbaden : Springer VS, 2017  |g (2017), Seite 13-21  |h 308 Seiten  |w (DE-627)884666441  |w (DE-576)493039600  |z 3658177047  |z 9783658177041  |7 nnam  |a Im offenen Wagen ... durch soziale Welten ... die "Windsbräute" im Rücken 
773 1 8 |g year:2017  |g pages:13-21  |g extent:9  |a Im offenen Wagen ... durch soziale Welten ... die "Windsbräute" im Rücken 
776 0 8 |i Erscheint auch als  |n Online-Ausgabe  |a Pohlmann, Markus, 1961 -   |t Im offenen Wagen… durch soziale Welten… die „Windsbräute“ im Rücken (Ein wür-digendes Schauspill in fear Szänen)  |d 2017  |w (DE-627)1567219675  |w (DE-576)497219670 
951 |a AR 
992 |a 20210330 
993 |a BookComponentPart 
998 |g 131524623  |a Pohlmann, Markus  |m 131524623:Pohlmann, Markus  |d 180000  |d 180600  |e 180000PP131524623  |e 180600PP131524623  |k 0/180000/  |k 1/180000/180600/  |p 1  |x j  |y j 
999 |a KXP-PPN1752772237  |e 3897956365 
BIB |a Y 
JSO |a {"physDesc":[{"extent":"9 S."}],"type":{"bibl":"chapter"},"recId":"1752772237","relHost":[{"origin":[{"dateIssuedKey":"2017","publisher":"Springer VS","dateIssuedDisp":"[2017]","publisherPlace":"Wiesbaden ; [Heidelberg]"}],"title":[{"title":"Globalisierung als Auto-Kapitalismus","subtitle":"Studien zur Globalität moderner Gesellschaften","title_sort":"Globalisierung als Auto-Kapitalismus"}],"id":{"eki":["884666441"],"isbn":["3658177047","9783658177041"]},"physDesc":[{"extent":"308 Seiten","noteFormat":"21 cm x 14.8 cm, 400 g"}],"type":{"bibl":"edited-book"},"recId":"884666441","corporate":[{"display":"Springer Fachmedien Wiesbaden","role":"pbl"}],"language":["ger","eng"],"person":[{"family":"Hessinger","role":"edt","given":"Philipp","display":"Hessinger, Philipp"},{"given":"Markus","display":"Pohlmann, Markus","family":"Pohlmann","role":"edt"},{"display":"Schmidt, Gert","given":"Gert","family":"Schmidt","role":"hnr"}],"name":{"displayForm":["Philipp Hessinger, Markus Pohlmann (Hrsg.)"]},"disp":"Im offenen Wagen ... durch soziale Welten ... die \"Windsbräute\" im RückenGlobalisierung als Auto-Kapitalismus","part":{"pages":"13-21","year":"2017","extent":"9","text":"(2017), Seite 13-21"},"note":["Enthält 12 Beiträge","Literaturangaben"]}],"origin":[{"dateIssuedDisp":"2017","dateIssuedKey":"2017"}],"language":["ger"],"title":[{"title":"Im offenen Wagen ... durch soziale Welten ... die \"Windsbräute\" im Rücken","title_sort":"Im offenen Wagen ... durch soziale Welten ... die \"Windsbräute\" im Rücken"}],"person":[{"given":"Markus","display":"Pohlmann, Markus","role":"aut","family":"Pohlmann"}],"name":{"displayForm":["Markus Pohlmann"]},"id":{"eki":["1752772237"]}} 
SRT |a POHLMANNMAIMOFFENENW2017